| 000 | 00442nam a2200205Ia 4500 | ||
|---|---|---|---|
| 003 | 0100 | ||
| 008 | 130303s9999 xx 000 0 und d | ||
| 040 | _cARRUPELIB | ||
| 050 | _aGN645.M7 1974 | ||
| 100 | _aMphahlele, Ezekiel | ||
| 245 | 4 | _aThe african image | |
| 250 | _aRev. | ||
| 260 | _aNew York | ||
| 260 | _bPraeger | ||
| 260 | _C1974 | ||
| 300 | _a316 p. | ||
| 300 | _b 21 cm | ||
| 700 | _aEzekiel Mphahlele | ||
| 942 | 0 | 0 | _01 |
| 999 |
_c29982 _d29982 |
||